Podio Sanremo 1951-2026 - Statistics

Statistiche generali
  • Questo quiz è stato fatto 208 volte
    33 dall'ultimo reset
  • Il punteggio medio è 118 su 226
Statistiche sulle risposte
Anno Posizione Canzone Artista % Corretto
1987 1 Si può dare di più Gianni Morandi / Enrico Ruggeri / Umberto Tozzi
100%
2000 3 Innamorato Gianni Morandi
93%
2022 3 Apri tutte le porte Gianni Morandi
93%
1995 2 In amore Gianni Morandi / Barbara Cola
93%
2022 1 Brividi Mahmood / Blanco
93%
2010 3 Credimi ancora Marco Mengoni
93%
2013 1 L'essenziale Marco Mengoni
93%
2023 1 Due vite Marco Mengoni
93%
2012 2 La notte Arisa
90%
2014 1 Controvento Arisa
90%
2017 1 Occidentali's Karma Francesco Gabbani
90%
2020 2 Viceversa Francesco Gabbani
90%
2019 1 Soldi Mahmood
90%
2021 1 Zitti e buoni Måneskin
90%
2024 1 La noia Angelina Mango
87%
2018 3 Il mondo prima di te Annalisa
87%
2024 3 Sinceramente Annalisa
87%
2020 1 Fai rumore Diodato
87%
2018 1 Non mi avete fatto niente Ermal Meta / Fabrizio Moro
87%
2025 2 Volevo essere un duro Lucio Corsi
87%
1988 1 Perdere l'amore Massimo Ranieri
87%
2011 2 Arriverà Modà / Emma
87%
2025 1 Balorda nostalgia Olly
87%
1974 2 Questa è la mia vita Domenico Modugno
83%
1962 1 Addio...addio... Domenico Modugno / Claudio Villa
83%
1966 1 Dio, come ti amo Domenico Modugno / Gigliola Cinquetti
83%
1958 1 Nel blu dipinto di blu Domenico Modugno / Johnny Dorelli
83%
1959 1 Piove (ciao ciao bambina) Domenico Modugno / Johnny Dorelli
83%
1960 2 Libero Domenico Modugno / Teddy Reno
83%
2021 2 Chiamami per nome Francesca Michielin / Fedez
83%
2009 3 Non riesco a farti innamorare Sal Da Vinci
83%
2026 1 Per sempre sì Sal Da Vinci
83%
1970 1 Chi non lavora non fa l'amore Adriano Celentano / Claudia Mori
80%
1961 2 24mila baci Adriano Celentano / Little Tony
80%
1968 3 Canzone Adriano Celentano / Milva
80%
2026 3 Che fastidio! Ditonellapiaga
80%
2001 1 Luce (tramonti a nord est) Elisa
80%
2022 2 O forse sei tu Elisa
80%
1986 1 Adesso tu Eros Ramazzotti
80%
2017 2 Che sia benedetta Fiorella Mannoia
80%
2024 2 I p' me, tu p' te Geolier
80%
1995 1 Come saprei Giorgia
80%
1996 3 Strano il mio destino Giorgia
80%
2001 2 Di sole e d'azzurro Giorgia
80%
1997 1 Fiumi di parole Jalisse
80%
1954 2 Canzone da due soldi Katyna Ranieri / Achille Togliani
80%
2023 2 Cenere Lazza
80%
1969 1 Zingara Bobby Solo / Iva Zanicchi
77%
1967 1 Non pensare a me Claudio Villa / Iva Zanicchi
77%
2012 1 Non è l'inferno Emma
77%
2017 3 Vietato morire Ermal Meta
77%
2021 3 Un milione di cose da dirti Ermal Meta
77%
2005 1 Angelo Francesco Renga
77%
2020 3 Ringo Starr Pinguini Tattici Nucleari
77%
1970 3 L'arca di Noè Sergio Endrigo / Iva Zanicchi
77%
1954 3 ...e la barca tornò sola Gino Latilla / Franco Ricci
73%
2015 1 Grande amore Il Volo
73%
2019 3 Musica che resta Il Volo
73%
1974 1 Ciao cara come stai? Iva Zanicchi
73%
2023 3 Supereroi Mr. Rain
73%
2012 3 Sono solo parole Noemi
73%
1990 1 Uomini soli Pooh
73%
2026 2 Tu mi piaci tanto Sayf
73%
2007 1 Ti regalerò una rosa Simone Cristicchi
73%
1982 2 Felicità Al Bano / Romina Power
70%
1984 1 Ci sarà Al Bano / Romina Power
70%
1987 3 Nostalgia canaglia Al Bano / Romina Power
70%
1989 3 Cara terra mia Al Bano / Romina Power
70%
1978 2 Un'emozione da poco Anna Oxa
70%
1997 2 Storie Anna Oxa
70%
1999 1 Senza pietà Anna Oxa
70%
1989 1 Ti lascerò Anna Oxa / Fausto Leali
70%
2025 3 L'albero delle noci Brunori Sas
70%
1996 2 La terra dei cachi Elio e le Storie Tese
70%
2013 2 La canzone mononota Elio e le Storie Tese
70%
1958 3 Amare un'altra Gino Latilla / Nilla Pizzi
70%
1971 3 4 marzo 1943 Lucio Dalla / Equipe 84
70%
1992 2 Gli uomini non cambiano Mia Martini
70%
1951 1 Grazie dei fiori Nilla Pizzi
70%
1952 1 Vola Colomba Nilla Pizzi
70%
1952 2 Papaveri e papere Nilla Pizzi
70%
1952 3 Una donna prega Nilla Pizzi
70%
1951 2 La luna si veste d'argento Nilla Pizzi / Achille Togliani
70%
1953 2 Campanaro Nilla Pizzi / Teddy Reno
70%
1958 2 L'edera Nilla Pizzi / Tonina Torrielli
70%
1991 1 Se stiamo insieme Riccardo Cocciante
70%
2019 2 I tuoi particolari Ultimo
70%
1993 1 Mistero Enrico Ruggeri
67%
1985 3 Chiamalo amore Gigliola Cinquetti
67%
1964 1 Non ho l'età (Per amarti) Gigliola Cinquetti / Patricia Carli
67%
1981 2 Maledetta primavera Loretta Goggi
67%
1970 2 La prima cosa bella Nicola Di Bari / Ricchi e Poveri
67%
2010 2 Italia amore mio Pupo / Emanuele Filiberto / Luca Canonici
67%
2016 1 Un giorno mi dirai Stadio
67%
2007 2 Nel perdono Al Bano
63%
2011 3 Amanda è libera Al Bano
63%
2008 3 Eppure mi hai cambiato la vita Fabrizio Moro
63%
2016 2 Nessun grado di separazione Francesca Michielin
63%
2018 2 Una vita in vacanza Lo Stato Sociale
63%
1991 3 Perché lo fai Marco Masini
63%
2004 1 L'uomo volante Marco Masini
63%
2006 1 Vorrei avere il becco Povia
63%
2009 2 Luca era gay Povia
63%
1980 3 Su di noi Pupo
63%
1978 3 Gianna Rino Gaetano
63%
2011 1 Chiamami ancora amore Roberto Vecchioni
63%
1957 2 Usignolo Claudio Villa / Giorgio Consolini
60%
1994 3 Strani amori Laura Pausini
60%
2015 2 Fatti avanti amore Nek
60%
1996 1 Vorrei incontrarti fra cent'anni Ron / Tosca
60%
2003 2 7000 caffè Alex Britti
57%
1965 1 Se piangi, se ridi Bobby Solo
57%
1963 2 Amor mon amour my love Claudio Villa / Eugenia Foligatti
57%
1957 1 Corde della mia chitarra Claudio Villa / Nunzio Gallo
57%
1955 1 Buongiorno tristezza Claudio Villa / Tullio Pane
57%
1955 2 Il torrente Claudio Villa / Tullio Pane
57%
1969 3 Un sorriso Don Backy / Milva
57%
1988 3 L'amore rubato Luca Barbarossa
57%
1992 1 Portami a ballare Luca Barbarossa
57%
1982 1 Storie di tutti i giorni Riccardo Fogli
57%
1971 2 Che sarà Ricchi e Poveri / José Feliciano
57%
2005 2 Come noi nessuno al mondo Toto Cutugno / Annalisa Minetti
57%
1990 3 Vattene amore Amedeo Minghi / Mietta
53%
1966 2 Nessuno mi può giudicare Caterina Caselli / Gene Pitney
53%
2009 1 La forza mia Marco Carta
53%
1973 3 Da troppo tempo Milva
53%
1961 3 Il mare nel cassetto Milva / Gino Latilla
53%
2013 3 Se si potesse non morire Modà
53%
1971 1 Il cuore è uno zingaro Nada / Nicola Di Bari
53%
1985 1 Se m'innamoro Ricchi e Poveri
53%
1962 2 Tango italiano Sergio Bruni / Milva
53%
1980 1 Solo noi Toto Cutugno
53%
1984 2 Serenata Toto Cutugno
53%
1987 2 Figli Toto Cutugno
53%
1988 2 Emozioni Toto Cutugno
53%
1989 2 Le mamme Toto Cutugno
53%
1990 2 Gli amori Toto Cutugno
53%
1986 2 Il clarinetto Renzo Arbore
50%
2010 1 Per tutte le volte che... Valerio Scanu
50%
1998 1 Senza te o con te Annalisa Minetti
47%
2006 3 Essere una donna Anna Tatangelo
47%
2008 2 Il mio amico Anna Tatangelo
47%
1978 1 ...e dirsi ciao Matia Bazar
47%
2001 3 Questa nostra grande storia d'amore Matia Bazar
47%
2002 1 Messaggio d'amore Matia Bazar
47%
1972 1 I giorni dell'arcobaleno Nicola Di Bari
47%
1968 1 Canzone per te Sergio Endrigo / Roberto Carlos
47%
1981 1 Per Elisa Alice
43%
1972 3 Il re di denari Nada
43%
1994 2 Signor tenente Giorgio Faletti
40%
1974 3 Occhi rossi Orietta Berti
40%
1973 1 Un grande amore e niente più Peppino Di Capri
40%
1976 1 Non lo faccio più Peppino Di Capri
40%
1953 3 (ex aequo) Lasciami cantare una canzone Achille Togliani / Teddy Reno
37%
2002 3 Un altro amore Gino Paoli
37%
1963 1 Uno per tutte Tony Renis / Emilio Pericoli
37%
2002 2 Dimmi come... Alexia
33%
2003 1 Per dire di no Alexia
33%
2015 3 Adesso e qui (nostalgico presente) Malika Ayane
33%
1968 2 Casa bianca Ornella Vanoni / Marisa Sannia
33%
2000 1 Sentimento Piccola Orchestra Avion Travel
33%
1994 1 Passerà Aleandro Baldi
30%
1985 2 Noi, ragazzi di oggi Luis Miguel
30%
1991 2 Spalle al muro Renato Zero
30%
1983 1 Sarà quel che sarà Tiziana Rivale
30%
1960 1 Romantica Tony Dallara / Renato Rascel
30%
1984 3 Cara Christian
27%
1953 3 (ex aequo) Vecchio scarpone Gino Latilla / Giorgio Consolini
27%
1954 1 Tutte le mamme Giorgio Consolini / Gino Latilla
27%
2000 2 La tua ragazza sempre Irene Grandi
27%
2006 2 Dove si va Nomadi
27%
1951 3 Serenata a nessuno Achille Togliani
23%
1959 2 Io sono il vento Arturo Testa / Gino Latilla
23%
1961 1 Al di là Betty Curtis / Luciano Tajoli
23%
1953 1 Viale d'autunno Carla Boni / Flo Sandon's
23%
1957 3 Scusami Gino Latilla / Tonina Torrielli
23%
2008 1 Colpo di fulmine Giò Di Tonno / Lola Ponce
23%
1977 1 Bella da morire Homo Sapiens
23%
1995 3 Gente come noi Ivana Spagna
23%
1986 3 Senza un briciolo di testa Marcella Bella
23%
1992 3 La forza della vita Paolo Vallesi
23%
1962 3 Gondolì gondolà Sergio Bruni / Ernesto Bonino
23%
1998 2 Amore lontanissimo Antonella Ruggiero
20%
1999 2 Non ti dimentico (Se non ci fossero le nuvole) Antonella Ruggiero
20%
2005 3 Echi d'infinito Antonella Ruggiero
20%
1975 1 Ragazza del sud Gilda
20%
1959 3 Conoscerti Jula de Palma / Tonina Torrielli
20%
1956 2 Amami se vuoi Tonina Torrielli
20%
1983 2 Volevo dirti Donatella Milani
17%
1979 1 Amare Mino Vergnaghi
17%
2003 3 Tutto quello che un uomo Sergio Cammariere
17%
1993 2 Dietro la porta Cristiano De Andrè
13%
1983 3 Margherita non lo sa Dori Ghezzi
13%
1956 1 Aprite le finestre Franca Raimondi
13%
1993 3 Gli amori diversi Rossana Casale / Grazia Di Michele
13%
1976 3 (ex aequo) Gli occhi di tua madre Sandro Giacobbe
13%
1997 3 Sei tu Syria
13%
1976 2 Come stai, con chi sei Wess / Dori Ghezzi
13%
1975 2 Ipocrisia Angela Luce
10%
1977 2 Tu mi rubi l'anima Collage
10%
1982 3 Soli Drupi
10%
1998 3 Sempre Lisa
10%
1999 3 Così è la vita Mariella Nava
10%
1981 3 Tu cosa fai stasera? Dario Baldan Bembo
7%
1979 2 Barbara Enzo Carella
7%
2016 3 Via da qui Giovanni Caccamo / Deborah Iurato
7%
1979 3 Quell'attimo in più I Camaleonti
7%
1977 3 Monica I Santo California
7%
1956 3 La vita è un paradiso di bugie Luciana Gonzales
7%
2004 2 Sei la vita mia Mario Rosini
7%
1972 2 Come le viole Peppino Gagliardi
7%
1973 2 Come un ragazzino Peppino Gagliardi
7%
2014 2 Liberi o no Raphael Gualazzi
7%
1976 3 (ex aequo) Volo AZ 504 Albatros
3%
1967 2 Quando dico che ti amo Annarita Spinaci / Les Surfs
3%
1980 2 Ti voglio bene Enzo Malepasso
3%
1967 3 Proposta I Giganti / The Bachelors
3%
2004 3 Aria, sole, terra e mare Linda
3%
1955 3 Canto nella valle Natalino Otto / Bruno Pallesi
3%
2007 3 Schiavo d'amore Piero Mazzocchetti
3%
2014 3 Ora Renzo Rubino
3%
1975 3 Va' speranza va' Rosanna Fratello
3%
1969 2 Lontano dagli occhi Sergio Endrigo - Mary Hopkin
3%
1960 3 Quando vien la sera Wilma De Angelis / Joe Sentieri
3%
1966 3 In un fiore Wilma Goich / Les Surfs
3%
1963 3 Giovane giovane Pino Donaggio / Cocky Mazzetti
0%
Nessun quiz corrispondente trovato
Distribuzione punteggi
Percentuale di utenti per punteggio
Percentile per numero di risposta
I tuoi punteggi nel tempo
Non hai fatto questo quiz dall'ultimo reset